000 00294nam a22001337a 4500
008 180313b xxu||||| |||| 00| 0 eng d
020 _a9780385470438
041 _aeng
080 _a101
100 _a24
101 _aFIL
245 _aA history of philosophy
_cCopleston,F
942 _2udc
_cBK
999 _c44911
_d44911